| 000 | 00735nam a22002417a 4500 | ||
|---|---|---|---|
| 001 | BR9607715 | ||
| 003 | BR-BrBNA | ||
| 005 | 20251030072805.0 | ||
| 007 | ta | ||
| 008 | 230509b bl.||||| |||| 00| 0 por d | ||
| 040 |
_aBR-BrBNA _bpor _cBiblioteca Nacional de Agricultura |
||
| 041 | _a(Por) | ||
| 072 | _aE50 | ||
| 110 | 1 |
_aUniversidade Rural do Brasil, Rio de Janeiro, GB (Brasil) _911274 |
|
| 110 | 1 | _aServiço de Informação Agricola, Rio de Janeiro, GB (Brasil) (org.) | |
| 245 | 1 | _aAnais do Seminario latino-Americano de Bem-Estar Rural V.1 | |
| 260 | 3 |
_aRio de Janeiro, GB (Brasil): _c1953. |
|
| 300 | _a182 P. | ||
| 650 | _aComunidade Rural | ||
| 650 | _aNivel de Vida | ||
| 650 | _aAmerica Latina | ||
| 942 |
_cBK _2AGRIS |
||
| 999 |
_c54431 _d54431 |
||